The San Antonio Museum of Art (Record no. 7180)

MARC details
000 -CABECERA
campo de control de longitud fija 00625nam a2200193 a 4500
001 - NÚMERO DE CONTROL
campo de control BRCA_7505
005 - FECHA Y HORA DE LA ÚLTIMA TRANSACCIÓN
campo de control 20190320205850.0
008 - DATOS DE LONGITUD FIJA--INFORMACIÓN GENERAL
campo de control de longitud fija 160408s2013----u--a######---#000-0#eng-#
041 ## - CÓDIGO DE LENGUA
Código de lengua del texto/banda sonora o título independiente eng
044 ## - CÓDIGO DEL PAÍS DE LA ENTIDAD EDITORA/PRODUCTORA
Código MARC del país u
050 #4 - SIGNATURA TOPOGRÁFICA DE LA BIBLIOTECA DEL CONGRESO
Número de clasificación N736.5
Número de documento/Ítem .S26 2013
245 10 - MENCIÓN DE TÍTULO
Título The San Antonio Museum of Art
Resto del título guide to the collection.
260 ## - PUBLICACIÓN, DISTRIBUCIÓN, ETC.
Lugar de publicación, distribución, etc. San Antonio, Texas
Nombre del editor, distribuidor, etc. San Antonio Museum of Art
Fecha de publicación, distribución, etc. 2013
300 ## - DESCRIPCIÓN FÍSICA
Extensión 220 p.
Otras características físicas il. a color
Dimensiones 25 cm.
500 ## - NOTA GENERAL
Nota general Incluye índice alfabético
610 24 - PUNTO DE ACCESO ADICIONAL DE MATERIA--NOMBRE DE ENTIDAD CORPORATIVA
Nombre de entidad corporativa o nombre de jurisdicción como elemento de entrada San Antonio Museum of Art
Subdivisión de forma Guías
Subdivisión general Colecciones de arte
Subdivisión geográfica Texas
9 (RLIN) 18503
650 14 - PUNTO DE ACCESO ADICIONAL DE MATERIA--TÉRMINO DE MATERIA
Término de materia o nombre geográfico como elemento de entrada Arte
Subdivisión de forma Catálogos
Subdivisión geográfica San Antonio, Texas
9 (RLIN) 18504
942 ## - ELEMENTOS DE PUNTO DE ACCESO ADICIONAL (KOHA)
Fuente del sistema de clasificación o colocación Library of Congress Classification
Tipo de ítem Koha Libros
Holdings
Estado de retiro Estado de pérdida Estado dañado No para préstamo Localización permanente Ubicación/localización actual Fecha de adquisición Total de préstamos Signatura topográfica completa Código de barras Fecha visto por última vez Precio válido a partir de Tipo de ítem Koha
El ejemplar forma parte de la colección y puede ser consultado según las políticas vigentes.       Biblioteca del Museo Franz Mayer (Rogerio Casas-Alatriste) Biblioteca del Museo Franz Mayer (Rogerio Casas-Alatriste) 07/05/2013   N736.5 .S26 2013 02740 22/03/2019 22/03/2019 Libros